| 000 | 00795pam a2200265 i 4500 | ||
|---|---|---|---|
| 999 |
_c3225 _d3225 |
||
| 001 | 4126917 | ||
| 003 | GBCCL | ||
| 005 | 20241126110450.0 | ||
| 008 | 761116s1977 nyua 000 0 eng | ||
| 010 | _a 76055823 | ||
| 020 |
_a0060652659 : _c$3.95 |
||
| 040 |
_aDLC _cDLC _dDLC |
||
| 050 | 0 | 0 |
_aBS491.5 _b.L62 vol. 1 |
| 082 | 0 | 0 |
_a242.08 _a234.2 _bLOC |
| 100 | 1 |
_aLockyer, Herbert. _91921 |
|
| 245 | 1 | 0 |
_aBible-centered devotions on purity and hope / _cHerbert Lockyer. |
| 250 | _a1st ed. | ||
| 260 |
_aNew York : _bHarper & Row, _cc1977. |
||
| 300 |
_ax, 117 p. : _bill. ; _c24 cm. |
||
| 490 | 0 | _aHis Seasons of the Lord ; v. 1 | |
| 490 | 0 | _aHarper jubilee books : HJG 02 | |
| 630 | 0 |
_aBible _xMeditations. _91991 |
|
| 906 |
_a7 _bcbc _corignew _d1 _eocip _f19 _gy-gencatlg |
||
| 942 |
_2ddc _cBK |
||